How fast can you type - Statistics

General Stats
  • This quiz has been taken 15 times
  • The average score is 8 of 8
Answer Stats
Hint Answer % Correct
I don’t know what to do with myself anymore I just I don’t know what to do with myself anymore I just
100%
I’m just trying my luck with this and I’m just trying my luck with this and
100%
the word in the dictionary in the dictionary to get the word the word in the dictionary in the dictionary to get the word
100%
A egg is a good idea for a baby to eat ( don’t type this one in its not lol A egg is a good idea for a baby to eat
93%
Get the best out there and be happy Get the best out there and be happy
93%
I don’t like grammar I don’t like grammar
93%
How shall i do this sally How shall i do this sally
86%
The first thing I thought of when I saw this was the fact that the first thing that came to mind was the fact the first thing that The first thing I thought of when I saw this was the fact that the first thing that came to mind was the fact the first thing that
86%
No matching quizzes found
Score Distribution
Percent of People with Each Score
Percentile by Number Answered
Your Score History
You have not taken this quiz